Football - Quel pied! - Statistiques

Statistiques générales
  • Ce quiz a été pris 75 fois
  • Le résultat moyen est 17 sur 28
Statistiques - réponses
Question Réponse % Correct
Ousmane Dembélé Ambidextre
96%
Lionel Messi Gauche
96%
Karim Benzema Droit
94%
Cristiano Ronaldo Droit
90%
Robert Lewandowski Droit
90%
Zlatan Ibrahimovic Droit
90%
Antoine Griezmann Gauche
88%
Luka Modric Droit
79%
Harry Kane Droit
79%
Rodri Droit
77%
Thierry Henry Droit
71%
Ronaldo Luís Nazário de Lima Droit
67%
Ruud Gullit Droit
67%
Andriy Chevtchenko Droit
63%
Ronaldinho Droit
63%
Eusébio Droit
60%
Lothar Matthäus Droit
60%
Raymond Kopa Droit
58%
Jean-Pierre Papin Droit
56%
Luís Figo Droit
54%
Roberto Baggio Droit
52%
Marco van Basten Droit
50%
Kevin Keegan Droit
50%
Johan Cruyff Ambidextre
27%
Alfredo Di Stéfano Ambidextre
15%
Pelé Ambidextre
13%
Pavel Nedvěd Ambidextre
10%
Michel Platini Ambidextre
2%
Aucun quiz correspondant
Distribution des résultats
% des personnes avec chaque résultat
Percentile par nombre de réponses
Votre historique - résultats
Vous n’avez pas pris ce quiz